Statistics for America, North or South? (Beta Stage)

Click here to take the quiz!

General Stats

  • This quiz has been taken 24 times
  • The average score is 8 of 9

Answer Stats

QuestionAnswer% Correct
Has a country with Portuguese as an official languageSouth America
100%
Has a landlocked nation.South America
95%
Was once under European ruleBoth
91%
Has the Andes mountain range.South America
91%
Is larger.North America
82%
Is closer to AfricaSouth America
82%
Owns islands in the Pacific Ocean.Both
77%
Has the higher populationNorth America
77%
Has the most nations.North America
77%

Score Distribution

Percentile by Number Answered

Percent of People with Each Score

Your Score History

You have not taken this quiz